Statistics for Google What's the Difference? - Geography

Click here to take the quiz!

General Stats

  • This quiz has been taken 19,159 times
    (19,090 since last reset)
  • The average score is 13 of 21

Answer Stats

What's the difference between ... % Correct
Iran and {Iraq}
98%
a Town and a {City}
91%
Chinese and {Japanese}
90%
Emigration and {Immigration}
89%
a Pond and a {Lake}
86%
a Mountain and a {Hill}
84%
Rural and {Urban}
81%
The Netherlands and {Holland}
80%
the United Kingdom and {Great} {Britain}
78%
Haiti and the {Dominican} {Republic}
77%
Monte Carlo and {Monaco}
64%
a Republic and a {Democracy}
57%
Shia and {Sunni}
52%
Catalan and {Spanish}
50%
Nordic and {Scandinavian}
45%
Munich and {M√ľnchen}
37%
a Shire and a {County}
35%
the Holy See and {Vatican} {City}
33%
a Cape and a {Peninsula}
31%
a Ravine and a {Canyon}
30%
Mauna Loa and {Mauna} {Kea}
27%

Score Distribution

Percentile by Number Answered

Percent of People with Each Score

Your Score History

You have not taken this quiz since the last reset